טוען...

Class and society

מידע ביבליוגרפי
מחבר ראשי: Mayer, Kurt B.
פורמט: Printed Book
שפה:English
יצא לאור: New York Random 1955
נושאים:
LEADER 00476nam a22001577a 4500
005 20151215125436.0
008 091208t xxu||||| |||| 00| 0 eng d
082 |a 305.5  |b MAY 
100 |a Mayer, Kurt B.  |9 12849 
245 |a Class and society 
300 |a iv,8p. 
653 |a Sociology 
942 |c BK  |6 _ 
260 |b Random  |c 1955  |a New York 
999 |c 104152  |d 104152 
952 |0 0  |1 0  |2 ddc  |4 0  |6 305_5MAY  |7 0  |9 131504  |a SMS  |b SMS  |c GEN  |d 2009-12-08  |o 305. 5 MAY  |p SMS004027  |r 2009-12-08  |w 2009-12-08  |y BK